000 00883nam a2200241Ia 4500
005 20211110133349.0
008 130821s2011 sp gr spa
020 _a9788432208294
040 _aCo-BoUCM
_bspa
_cLuz Cupitra (modificó)
_d[Nuevo]
041 0 0 _aspa
100 1 _aJung, Carl Gustav
_d1875-1961.
_969612
245 1 0 _aRecuerdos, sueños, pensamientos
_cCarl Gustav Jung ; editado por Aniela Jaffé ; traducción de Ma. Rosa Borrás.
260 _aBarcelona (España)
_bEditorial Seix Barral
_c2011
300 _a489 páginas
490 _aLos tres mundos
600 1 4 _aJung, Carl Gustav
_d1875-1961
_vBiografías
_977697
650 0 4 _aLiteratura europea
_926524
650 0 4 _aLiteratura suiza
_918747
700 1 2 _aBorrás, María Rosa
_934615
700 1 2 _aJaffe, Aniela
_977698
942 _cLIBRO
_a18
_e1
_mJ951
_2DEWEY
_h150
_n0
999 _c39287
_d39287